'E' Movies by Poster Quiz Stats

 Plays Quiz Updated Sep 13, 2015

Challenge
Share
Tweet
Score 0/20 Timer 05:00
11 Plays Today
% Correct
E.T. the Extra-Terrestrial
99%
Elf
97.7%
Edward Scissorhands
95.6%
Easy A
72.6%
The Emperor's New Groove
71.8%
Evan Almighty
70.2%
The Expendables
64.7%
The Empire Strikes Back
62.3%
Enchanted
61.4%
Erin Brockovich
56.5%
% Correct
The Elephant Man
52.8%
Elektra
52%
Eyes Wide Shut
49.7%
The Exorcist
49.1%
Edge of Tomorrow
45.5%
Elysium
43.5%
Enemy of the State
36.5%
Evita
36.3%
Escape from Alcatraz
33.7%
Escape from New York
26%

You're not logged in!

Compare scores with friends on all Sporcle quizzes.
OR
Log In

You Might Also Like...

Show Comments

Extras

Top Quizzes Today


Score Distribution

Your Account Isn't Verified!

In order to create a playlist on Sporcle, you need to verify the email address you used during registration. Go to your Sporcle Settings to finish the process.

Report this User

Report this user for behavior that violates our Community Guidelines.

Details: